|
|
|
|
| LEADER |
00660nam a22001931a 4500 |
| 020 |
|
|
|a 9788174368164
|c 0.00
|
| 040 |
|
|
|a SSUS - Library - Kalady
|
| 082 |
|
|
|a 791.430 954 14
|b SHA/B
|
| 100 |
|
|
|a Sharmistha Gooptu
|
| 245 |
|
|
|a Bengali Cinema an other nation
|h [Text]
|
| 260 |
|
|
|a New Delhi
|b Roli Books
|c 2010
|
| 300 |
|
|
|a 296p.
|
| 600 |
|
|
|a Arts
|
| 600 |
|
|
|a Bengali Cinema
|
| 600 |
|
|
|a Motion Pictures
|
| 852 |
|
|
|h 791.430 954 14
|i SHA/B
|p 062200
|9 395.00
|t 0
|
| 942 |
|
|
|c BK
|
| 999 |
|
|
|c 4401
|d 4401
|
| 952 |
|
|
|0 0
|1 0
|4 0
|6 791_430000000000000_954_14_SHA_B
|7 0
|9 6698
|a SSUS
|b SSUS
|d 2015-01-08
|g 395.00
|l 1
|o 791.430 954 14 SHA/B
|p 062200
|r 2017-03-03
|s 2017-02-28
|v 0.00
|w 2015-01-08
|y BK
|